Welcome to CU Library Online Public Access Catalogue (OPAC)

PRINCIPLES AND PRACTICES OF AGRICULTURAL STRUCTURES AND ENVIRONMENTAL CONTROL (Record no. 7757)

MARC details
000 -LEADER
fixed length control field 00409nam a22001457a 4500
005 - DATE AND TIME OF LATEST TRANSACTION
control field 20250926124836.0
008 - FIXED-LENGTH DATA ELEMENTS--GENERAL INFORMATION
fixed length control field 250926b |||||||| |||| 00| 0 eng d
020 ## - INTERNATIONAL STANDARD BOOK NUMBER
International Standard Book Number 8127218510
050 ## - LIBRARY OF CONGRESS CALL NUMBER
Classification number S780
Item number PAN
100 ## - MAIN ENTRY--PERSONAL NAME
Personal name PANDEY P. H
245 ## - TITLE STATEMENT
Title PRINCIPLES AND PRACTICES OF AGRICULTURAL STRUCTURES AND ENVIRONMENTAL CONTROL
260 ## - PUBLICATION, DISTRIBUTION, ETC.
Place of publication, distribution, etc. LUDHIANA
Name of publisher, distributor, etc. KALYANI PUBLISHERS
Date of publication, distribution, etc. 2004
300 ## - PHYSICAL DESCRIPTION
Extent 547p
942 ## - ADDED ENTRY ELEMENTS (KOHA)
Source of classification or shelving scheme Library of Congress Classification
Koha item type Books
Suppress in OPAC No
999 ## -
-- 7757
-- 7757
Holdings
Withdrawn status Lost status Source of classification or shelving scheme Damaged status Not for loan Collection Home library Current library Shelving location Date acquired Total checkouts Full call number Barcode Date last seen Copy number Price effective from Koha item type
    Library of Congress Classification     Non-fiction Science Library (Miotso) Science Library (Miotso) General stacks 11/06/2025   S780 PAN SLM00005474 11/06/2025 1 11/06/2025 Books
    Library of Congress Classification     Non-fiction Science Library (Miotso) Science Library (Miotso) General stacks 11/06/2025   S780 PAN SLM00005475 11/06/2025 2 11/06/2025 Books
    Library of Congress Classification     Non-fiction Undergraduate Library (Christ Temple) Undergraduate Library (Christ Temple) General stacks 09/26/2025   S780 PAN ulct00005068 09/26/2025 1 09/26/2025 Books
    Library of Congress Classification     Non-fiction Undergraduate Library (Christ Temple) Undergraduate Library (Christ Temple) General stacks 09/27/2025   S780 PAN ulct00005115 09/27/2025 1 09/27/2025 Books
© 2023-2024 Copyright: Central University Libraries. All Rights Reserved | Created by: Mahone Tech Office